000 00220nam a2200109 4500
082 _aSHA
100 _aShabbir
245 _aAquifer Test Analysis
260 _aJamshoro:
_bMUET,
_c1988.
300 _a248p. ;
942 _cBK
999 _c10464
_d10464